Genetic variation in fragmented forest stands of the Andean oak Quercus humboldtii Bonpl. (Fagaceae) (Registro nro. 13598)

Detalles MARC
000 -CABECERA
Campo de control 004920000a22001450004500
090 ## - CLASIFICACIÓN LOCAL
Colección AR
Consecutivo 04499
041 0# - IDIOMA
Código de idioma para texto/pista de sonido o título separado
100 1# - ASIENTO PRINCIPAL--NOMBRE PERSONAL
Nombre personal Fernández Manjarrés, Juan Fernando
245 10 - MENCION DE TITULO
Título Genetic variation in fragmented forest stands of the Andean oak Quercus humboldtii Bonpl. (Fagaceae)
650 14 - ASIENTO SECUNDARIO DE MATERIA - TERMINO TEMATICO
Término temático o nombre geográfico como elemento de entrada Diversidad genética
653 ## - TERMINO DE INDIZACION - NO CONTROLADO
-- Fagaceae
-- Quercus
-- Quercus humboldtii
700 1# - ASIENTO SECUNDARIO - NOMBRE PERSONAL
Nombre personal Sork, Victoria L.
773 1# - Item fuente:
Título Biotropica
Descripción física 1
Paginas del Articulo 72-78
Lugar, editorial y fecha de publicación 2007
Información sobre la relación 39
942 ## - ELEMENTOS ADICIONALES (KOHA)
Tipo de ítem Artículo
Existencias
Withdrawn status Lost status Damaged status No para préstamo Colección Ubicación Permanente Ubicación actual Fecha de adquisición Datos de publicación Seriada Total Checkouts Número topográfico Inventario / Código de Barras Date last seen Ejemplar Price effective from Forma de adquisición Tipo de material
      No para Préstamo Hemeroteca Bogotá Bogotá 24/09/2009 Fuera de circulación   AR 04499 027605 25/03/2015 1 25/03/2015   Artículo